| 000 | 00463nam a2200157 a 4500 | ||
|---|---|---|---|
| 001 | 000031477 | ||
| 005 | 20200930062946.0 | ||
| 008 | 110627s1938 dr 000 0 spa d | ||
| 040 |
_aDO-SdBNP _bspa _cBNPHU |
||
| 082 |
_axxxx _bP438 |
||
| 100 | 1 |
_aPérez Ortíz, R. _92442 |
|
| 245 | 1 | 0 |
_aNo hay peligro en seguirme... y seguiré a caballo...! / _cR. Pérez Ortíz. |
| 260 |
_a[Santo Domingo] : _b[s. f.], _c[193?]. |
||
| 300 |
_a[20 p.] ; _c18 cm. |
||
| 049 | _aBNPD | ||
| 999 |
_c30969 _d30969 |
||